| 000 | 00798nam0a2200277 4500 | ||
|---|---|---|---|
| 001 | RU\NLR\BIBL_A\012313299 | ||
| 005 | 20240727011131.0 | ||
| 010 | _a9785946218832 | ||
| 021 |
_aRU _b2020-19512 _9КН-П-1533 |
||
| 035 | _a(RuMoRGB)010318003 | ||
| 035 | _a(NLR Aleph) 012313299 | ||
| 090 |
_a11381586 _c11381586 |
||
| 100 | _a20200813d2020 u||y0rusy50 ca | ||
| 101 | 0 | _arus | |
| 102 | _aRU | ||
| 105 | _ay z 000 y | ||
| 181 | 0 |
_ai _baxxe |
|
| 182 | 0 | _an | |
| 200 | 1 | _aПрактикум по теории вероятностей. Ч. 2 | |
| 203 |
_aТекст _bвизуальный _cнепосредственный |
||
| 210 |
_aТомск _cТГУ _d2020 |
||
| 700 | 1 |
_aГалажинская _bО.Н. |
|
| 701 | 1 |
_aДаммер _bД.Д. |
|
| 942 | _cBOOK | ||
| 980 | _aNBR | ||